| 000 | 00743nam a22002057a 4500 | ||
|---|---|---|---|
| 999 |
_c13383 _d13383 |
||
| 008 | 190309b ||||| |||| 00| 0 eng d | ||
| 020 | _a9781118707098 | ||
| 082 |
_22014 _aAV-CD 657.450218 _bB149 |
||
| 100 |
_aBagshaw, Katharine. _937404 |
||
| 245 |
_aCore Auditing Standards: _bfor practitioners/ _cKatharine Bagshaw and John Selwood. |
||
| 250 | _aFirst Edition | ||
| 260 |
_aUnited Kingdom: _bJohn Wiley & Sons, Incorporated, _c©2014. |
||
| 300 | _a198 pages; | ||
| 500 | _aIncludes index. | ||
| 650 |
_aAuditing -- Standards. _937405 |
||
| 700 |
_aBagshaw, Katharine. _937404 |
||
| 700 |
_aSelwood, John. _937406 |
||
| 856 | _yhttps://ebookcentral.proquest.com/lib/uniofmindanao-ebooks/detail.action?docID=1659981 | ||
| 942 |
_2ddc _cEB |
||